02049nab a2200241 4500003000900000005001700009008004100026040001800067072000800085100002400093245012300117500003200240520053700272520063100809650002301440650003401463650002501497650001601522773015901538856007901697942001401776999001701790BR-BrBNA20231006105350.0231006b bl.||||| |||| 00| 0 por d aBR-BrBNAbpor aE11 aAly Junior, Osvaldo aProjetos de desenvolvimento sustentável (PDS'S) e os desafios na construção de novas políticas de assentamento aSummaries (En, Pt); 19 ref. aResumo: O presente artigo faz uma reflexão sobre a experiência da implantação dos Projetos de Desenvolvimento Sustentável (PDS's) no estado de São Paulo. Estes assentamentos nasceram da demanda dos movimentos sociais, da crítica ao modelo agrícola da revolução verde e buscou dar passos na direção de afirmar uma política de criação e desenvolvimento de assentamentos com o viés ambiental. O artigo faz uma revisão desse processo refletindo sua novidade, seus limites e desafios. aAbstract: This article offers some reflections on the experience of implementing the Sustainable Development Projects in the State of São Paulo. These rural settlements were established as a result of the social movements and in response to the criticism of the Green Revolution, an agricultural model, and there has been an attempt to develop a policy to deal with the development of rural settlements and the environmental bias.The article examines the process and concludes by offering some considerations with respect to its novelty, its limitations and other challenges.  aASSENTAMENTO RURAL aDESENVOLVIMENTO SUSTENTÁVEL aPOLITICAS PÚBLICAS aSÃO PAULO0 09807925564dAraraquara, SP (Brasil) UNIARA. Nupedor 1994-o2023-436129tRetratos de Assentamentos (Brasil)/x1516-8182gv. 14(2) p. 283-303wBR2023001912 uhttps://retratosdeassentamentos.com/index.php/retratos/article/view/105/93 cAnalitica c86422d86422